Techniques/Attaques de Natsu dans Fairy Tail - Statistiques

Statistiques générales
  • Ce quiz a été pris 26 fois
  • Le résultat moyen est 7 sur 33
Statistiques - réponses
Techniques/Attaques de Natsu % Correct
Poing d'Acier du Dragon de Feu
80%
Ailes du Dragon de Feu
76%
Hurlement du Dragon de Feu
76%
Serres du Dragon de Feu
40%
Corne du Dragon de Feu
32%
Supplice du Dragon de Feu
32%
Hurlement du Roi Dragon de Feu
24%
Hurlement du Dragon de Feu Foudroyant
20%
Poing d'Acier du Dragon de Feu Foudroyant
20%
Crocs du Dragon de Feu
16%
Décharge du Lotus Pourpre
16%
Ergot du Dragon de Feu
16%
Fournaise du Lotus Pourpre
16%
Liane de Feu
16%
Poing du Lotus Pourpre
16%
Sabre du Phénix au Lotus Pourpre
16%
Compression du Dragon de Feu
12%
Feu Brillant du Roi Dragon de Feu
12%
Feu d'Artifice Enflammé
12%
Hurlement du Dragon Courroucé
12%
Lame Ardente des Ténèbres
12%
Poing Destructeur du Roi Dragon de Feu
12%
Poing Flamboyant
12%
Pouvoir du Dragon
12%
Propulseur du Poing d'Acier du Dragon de Feu
12%
Purgatoire du Roi Dragon de Feu
12%
Supplice du Dragon de Feu Foudroyant
12%
Supplice du Dragon et des Dieux
12%
Tir du Dragon de Feu Foudroyant
12%
Transformation
12%
Battements de Jambe du Dragon de Feu
8%
Epée du Phenix Noir
8%
Projection de pensée
8%
Aucun quiz correspondant
Distribution des résultats
% des personnes avec chaque résultat
Percentile par nombre de réponses
Votre historique - résultats
Vous n’avez pas pris ce quiz